00182 a2200085 450000100060000008200180000610000190002424500150004326000380005890255 a923.15487 SHA aSafdar Shaheen aHaider Ali aKarachibChildren Books Pubc2006